000 03404nab a22007217 4500
003 AR-RoUNA
005 20250305125929.0
008 241216b |||||||| |||| 00| 0 spa d
022 _a0327-9022
040 _aAR-RoUNA
_bspa
041 _aspa
044 _aag
245 0 0 _aSumma+
260 _aBuenos Aires (Argentina):
_cDonn SA,
_b1993.
300 _a144 p. :
_bil. byn.
_bplanos
_c26x23 cm.
505 0 _tINDICE
505 0 _tARQUITECTURA
505 0 _aPablo Doval / A lo lejos y a lo alto. p.34
505 0 _aUrgell, Fazio y Asociados, arqs. Augusto Penedo, Arq. Estudio M/SG/S/S/S Manteola, Sánchez Gómez, Santos, Solsona, Sallaberry arqs / Torres Alto Palermo Plaza. p.34
505 0 _aCesar Naselli / Una blanca presencia. p.42
505 0 _aAlfredo Bertelli, Esteban Bondone, Gabriel Gotusso, Marcelo Ompré, Enrique Ompré / Edificio Albir 1, Córdoba. p.42
505 0 _aPablo Meninato / A. Ahora Depto. en Dúplex. p.45
505 0 _aEstudio Flah-Buonamassa y Asoc / Edificio O´Higgins 2780. p.46
505 0 _aGustavo Esses y Ariel Naistat / Edificio Viel 218. p.48
505 0 _aAda Mazo, Alejandra Achával / Edificio Arévalo 2842. p.49
505 0 _aClaudia Faena / Edificio Ortega y Gasset. p.50
505 0 _aEstudio Bodas Miani Anger / Edificio Arce. p.52
505 0 _tCIUDAD Y ECOLOGIA
505 0 _aMiguel Ángel Roca / Ciudades descentradas. p.55
505 0 _tARQUITECTURA
505 0 _aLiliana Blaustein / Oscar Tusquets, 1996. p.60
505 0 _tSignat Tusquets
_aTusquets, Díaz & Asoc / Casa - Estudio en Barcelona. p.62
505 0 _tOh, Espectacular
_aFredy Massad y Alicia Gerrero Yeste / Entrevista a Franck O. Genry. p.70
505 0 _tDISEÑO INDUSTRIAL
505 0 _aEstudio González Ruiz / La integral del diseño. p.78
505 0 _aCOMUNICACION VISUAL
505 0 _aFernando Diez / El estilo del deporte. p.82
505 0 _tOTRA MIRADA SOBRE BERLIN
505 0 _aSusanne Hofmann y Juan Lucas Young / Decálogo sobre Berlín. p.86
505 0 _tReconstitución sobre Berlín
_aEstudio Murphy - Iahn / Edificio para oficinas en Berlín. p.98
505 0 _aJulia Diez / Las galerías de Berlín - Mitre. p.102
505 0 _aNicola Goretti / La hoguera de las vanidades o Eine Berline Balade. p.106
505 0 _aSilvia Ferhrman / Berlín, 2010, Ciudad Virtual. p.112
505 0 _aMargit Fauser / Berlín tiene quien le escriba, Berlín en la biblioteca del Goethe Institut: una excursión sin salir de Buenos Aires. p.113
505 0 _tFRAGMENTOS
505 0 _tUNIVERSITARIAS
505 0 _aCatedras coordinas: Manteola y Daitch / Sztulwark / Turnillo del CBC/ UBA / La luna roja dibujada. p.132
505 0 _tTEXTURAS
505 0 _aRoberto Fernández / La biblioteca ciega. p.134
505 0 _aNicolás D´ Ángelo / Apuntes a mano alzada. p.135
505 0 _tLECTURAS
505 0 _aFernando Diez / ¨Arquitectos europeos y Buenos Aires, 1860 / 1940¨. p.136
505 0 _tNOTICIAS. p.140
505 0 _tREVELACIONES
505 0 _aMario Sabugo / Ventanas termales. p.143
505 0 _tPOST SCRIPTUM
505 0 _aSilvia Arango / Latinoamérica desde Curtis. p.144
773 0 _aSumma+:
_dBuenos Aires, Argentina
_gNº27 (oct-nov 1997) p.144
_x0327-9022
908 _aImp
942 _2udc
_cART
945 _d2022-07-08
980 _6138
_aCarolina Rainero
_gCarolina Rainero
_8138
999 _c11782
_d11782